000 00814nmm a2200301 a 4500
003 AR-BaBNM
005 20251128203836.0
008 027019s1906 ||||||||||||||000 | spa||
040 _cAR-BaBNM
100 1 _aCárbia, Rómulo D.
245 1 0 _aSan José de Flores
_bbosquejo histórico : 1609-1906
260 _aBuenos Aires
_bArnoldo Moen
_c1906
300 _a156 p.
_bláms.
650 4 _aCOSTUMBRES Y TRADICIONES
650 4 _aMONUMENTOS HISTORICOS
650 4 _aHISTORIA DE BUENOS AIRES
650 4 _aBIENES CULTURALES
650 4 _aARQUITECTURA
650 4 _aURBANISMO
650 4 _aEDIFICIOS
650 4 _aVIDA SOCIAL
650 4 _aVIDA CULTURAL
650 4 _aBARRIOS
651 4 _aBuenos Aires [Capital Federal]
700 1 _aPeña, David
_eprologuista
942 _cBK
998 _cMARTIN
999 _c5143
_d5143